|
|
|
|
| LEADER |
00000naa a2200000uu 4500 |
| 001 |
vtls010917989 |
| 003 |
SK-MaSNL |
| 005 |
20260302145820.0 |
| 008 |
220808|1987 xo |||||||||||||||||slo| |
| 015 |
|
|
|a SNBRA
|
| 035 |
|
|
|a (urnnbn)urn:nbn:sk:snk:ar-a0cxjm
|
| 035 |
|
|
|a (uuid)f2179771-cb4e-45ee-95b6-d289d3447bc4
|
| 035 |
|
|
|a urn:nbn:sk:snk-aatm95
|
| 040 |
|
|
|a SNKBUCL
|b slo
|c SNKBUCL
|e AACR2
|
| 041 |
0 |
|
|a slo
|
| 044 |
|
|
|a xo
|c SK
|
| 245 |
0 |
0 |
|a HAVETTA, Eliáš (Elo)
|b filmový a televízny režisér (13. 6. 1938 Nové Vozokany-Veľké Vozokany, okr. Nitra - 3. 2. 1975 Bratislava, poch. v Nových Vozokanoch)
|
| 600 |
1 |
7 |
|a Havetta, Eliáš,
|d 1938-1975
|2 SNKMA
|9 200894
|
| 650 |
0 |
7 |
|a filmoví režiséri
|2 SNKPH
|9 3133
|
| 650 |
0 |
7 |
|a televízni režiséri
|2 SNKPH
|9 113603
|
| 650 |
0 |
7 |
|a scenáristi
|2 SNKPH
|9 104172
|
| 650 |
0 |
7 |
|a fotografi
|2 SNKPH
|9 3159
|
| 655 |
|
7 |
|a biografické heslá
|2 SNKPH
|9 368942
|
| 773 |
0 |
|
|t Slovenský biografický slovník : (od roku 833 do roku 1990). II. zväzok, E-J
|d Martin : Matica slovenská, 1987
|g S. 299
|
| 954 |
|
|
|a odborná, vedecká literatúra pôvodná (slovenská)
|2 lita
|
| 958 |
|
|
|a BX
|
| 958 |
|
|
|a OND
|
| 958 |
|
|
|a chapter
|
| 958 |
|
|
|a article25
|
| 999 |
|
|
|c 1355751
|d 1357681
|